Manual of Textile Technology New Spninning Systems (Record no. 5184)

MARC details
000 -LEADER
fixed length control field 00323nam a2200121Ia 4500
008 - FIXED-LENGTH DATA ELEMENTS--GENERAL INFORMATION
fixed length control field 191201s1993 xx 000 0 und d
100 ## - MAIN ENTRY--PERSONAL NAME
Personal name KLEIN, Werner
245 #0 - TITLE STATEMENT
Title Manual of Textile Technology New Spninning Systems
260 ## - PUBLICATION, DISTRIBUTION, ETC. (IMPRINT)
Place of publication, distribution, etc N. Delhi
Name of publisher, distributor, etc Textile Institute
Date of publication, distribution, etc 1993
300 ## - PHYSICAL DESCRIPTION
Extent 50
650 ## - SUBJECT ADDED ENTRY--TOPICAL TERM
Topical term or geographic name as entry element B.Tech(TE)
942 ## - ADDED ENTRY ELEMENTS (KOHA)
Source of classification or shelving scheme Dewey Decimal Classification
Koha item type Text Books
Holdings
Withdrawn status Lost status Source of classification or shelving scheme Damaged status Not for loan Collection code Home library Current library Date acquired Source of acquisition Cost, normal purchase price Serial Enumeration / chronologySerial Enumeration / Volume No. Bill Number Total Checkouts Acc. no. / Barcode Date last seen Date last borrowed Bill Date Koha item type
    Dewey Decimal Classification     B.Tech(TE) PIET C-LIBRARY PIET C-LIBRARY 01/03/2012 Indian International Text Book 1684.00 V 1216 8 19050 27/12/2024 12/12/2024 01/03/2012 Text Books
    Dewey Decimal Classification     B.Tech(TE) PIET C-LIBRARY PIET C-LIBRARY 01/03/2012 Indian International Text Book 1684.00 V 1216 8 19051 14/10/2024 04/10/2024 01/03/2012 Text Books

Design & Developed by: PIET Central Library
R70 Miles Stone Pattikalyana Samalkha Panipat 132102
mail ID :- [email protected], Phone No:- 0180-2569700 Ex.216